[Event "Novokuznetsk Siberia-ch"]
[Site "Novokuznetsk"]
[Date "2013.03.26"]
[Round "6"]
[White "Shurjaev, Mikhail"]
[Black "Korobeynikov, Alexandr"]
[Result "1/2-1/2"]
[WhiteElo "2176"]
[BlackElo "1841"]
[PlyCount "113"]
[EventDate "2013.03.21"]
[EventType "swiss"]
[EventRounds "9"]
[EventCountry "RUS"]
[SourceTitle "CBM 153 Extra"]
[Source "ChessBase"]
[SourceDate "2013.04.22"]
[SourceVersion "1"]
[SourceVersionDate "2013.04.22"]
[SourceQuality "1"]

1. d4 Nf6 2. c4 d5 3. cxd5 Qxd5 4. Nc3 Qa5 5. Nf3 c6 6. Qc2 Bg4 7. Ne5 Bh5 8. e4 Nbd7 9. Nxd7 Nxd7 10. f3 Bg6 11. Be3 e6 12. Be2 Bd6 13. 0-0 0-0 14. f4 h6 15. Rad1 Qc7 16. Bd3 Rae8 17. Qf2 Bh7 18. g4 Be7 19. f5 exf5 20. gxf5 Qd8 21. Kh1 b5 22. Rg1 Kh8 23. Qg2 Rg8 24. e5 b4 25. Ne2 c5 26. Bc4 Ref8 27. Qe4 cxd4 28. Bxd4 Qc7 29. b3 Nc5 30. Qg4 Qc6+ 31. Rg2 Qe4 32. Rf1 Qxg4 33. Rxg4 a5 34. Be3 h5 35. Rd4 a4 36. bxa4 Nxa4 37. Rd7 Bc5 38. Bxc5 Nxc5 39. Rxf7 Ne4 40. Rf4 Ng5 41. Rxf8 Rxf8 42. Nd4 Nf7 43. Bxf7 Rxf7 44. e6 Ra7 45. Re4 Re7 46. Nc6 Bxf5 47. Nxe7 Bxe4+ 48. Kg1 g5 49. Kf2 Kg7 50. Ke3 Bb1 51. Nd5 Bxa2 52. e7 Kf7 53. Nxb4 Be6 54. Nc6 h4 55. Ke4 Bd7 56. Ne5+ Kxe7 57. Nxd7 1/2-1/2

[Event "Novokuznetsk Siberia-ch"]
[Site "Novokuznetsk"]
[Date "2013.03.25"]
[Round "5"]
[White "Permyakov, Evgeniy"]
[Black "Shurjaev, Mikhail"]
[Result "1-0"]
[WhiteElo "2092"]
[BlackElo "2176"]
[PlyCount "137"]
[EventDate "2013.03.21"]
[EventType "swiss"]
[EventRounds "9"]
[EventCountry "RUS"]
[SourceTitle "CBM 153 Extra"]
[Source "ChessBase"]
[SourceDate "2013.04.22"]
[SourceVersion "1"]
[SourceVersionDate "2013.04.22"]
[SourceQuality "1"]

1. d4 Nf6 2. c4 e6 3. Nc3 Bb4 4. f3 d5 5. e3 0-0 6. a3 Be7 7. cxd5 exd5 8. Bd3 b6 9. Nge2 Bb7 10. 0-0 c5 11. Kh1 Nc6 12. Bd2 Qd7 13. g4 g6 14. Be1 Rae8 15. Bf2 Kg7 16. Rg1 Bd6 17. Qd2 Bc7 18. Rg2 Na5 19. Rd1 c4 20. Bc2 b5 21. Bh4 a6 22. Ng3 Ng8 23. e4 f6 24. Nxd5 Bxd5 25. exd5 Qxd5 26. Be4 Qd8 27. Ne2 Ne7 28. d5 Nb3 29. Qc2 Qb8 30. Nd4 Nxd4 31. Rxd4 Be5 32. Rd1 Nc8 33. Qf2 Nd6 34. Bb1 Nf7 35. Bg3 Bxg3 36. hxg3 Nd6 37. f4 Re7 38. Re1 Qe8 39. Rgg1 Rff7 40. Kg2 Qd7 41. Kf3 Rxe1 42. Rxe1 Re7 43. Rxe7+ Qxe7 44. Qe3 Kf7 45. Qb6 f5 46. gxf5 Nxf5 47. Be4 Nd6 48. Bc2 Nf5 49. g4 Nd6 50. Qxa6 h5 51. gxh5 gxh5 52. Qb6 Qd7 53. Qg1 Nf5 54. Bxf5 Qxf5 55. Qa7+ Kf8 56. Qc5+ Kf7 57. Qc7+ Kf8 58. Qe5 Qh3+ 59. Kf2 Qh2+ 60. Ke3 Qg1+ 61. Kd2 Qf2+ 62. Kc3 h4 63. d6 Qf3+ 64. Kb4 Qb3+ 65. Kc5 Qa4 66. Qe7+ Kg8 67. Qd8+ Kf7 68. Qc7+ Kf6 69. d7 1-0

[Event "Novokuznetsk Siberia-ch"]
[Site "Novokuznetsk"]
[Date "2013.03.22"]
[Round "2"]
[White "Shurjaev, Mikhail"]
[Black "Khabarov, Sergey"]
[Result "0-1"]
[WhiteElo "2176"]
[BlackElo "2316"]
[PlyCount "96"]
[EventDate "2013.03.21"]
[EventType "swiss"]
[EventRounds "9"]
[EventCountry "RUS"]
[SourceTitle "CBM 153 Extra"]
[Source "ChessBase"]
[SourceDate "2013.04.22"]
[SourceVersion "1"]
[SourceVersionDate "2013.04.22"]
[SourceQuality "1"]

1. d4 Nf6 2. c4 e6 3. e3 d5 4. Nf3 Be7 5. Nbd2 0-0 6. Bd3 b6 7. 0-0 Bb7 8. b3 Nbd7 9. Bb2 Ne4 10. Qe2 a5 11. Rac1 a4 12. Bb1 a3 13. Ba1 f5 14. Rfd1 Bb4 15. Bd3 c6 16. Nf1 h5 17. N3d2 Ndf6 18. f3 Ng5 19. Bc3 Bd6 20. Qf2 Nfe4 21. Bxe4 fxe4 22. f4 Nf7 23. Qe2 Qh4 24. Ng3 g6 25. Ndf1 Nh6 26. Be1 Qe7 27. Nh1 Kh7 28. Nf2 g5 29. fxg5 Qxg5 30. Nh3 Qg4 31. Rc2 Rg8 32. Kh1 Raf8 33. Bg3 Bxg3 34. Nxg3 Ba6 35. Re1 h4 36. Nh5 Qxe2 37. Rexe2 Rf1+ 38. Ng1 Rgf8 39. Nf4 Ng4 40. g3 R8xf4 41. gxf4 h3 42. Red2 Kg7 43. cxd5 cxd5 44. Rc7+ Kf6 45. Ra7 Rf2 46. Nxh3 Rxd2 47. Rxa6 Rxh2+ 48. Kg1 Rxa2 0-1